Statistics / (Record no. 19831)

MARC details
000 -LEADER
fixed length control field 01815cam a22003975i 4500
001 - CONTROL NUMBER
control field 17855500
003 - CONTROL NUMBER IDENTIFIER
control field EG-ScBUE
005 - DATE AND TIME OF LATEST TRANSACTION
control field 20250227094153.0
008 - FIXED-LENGTH DATA ELEMENTS--GENERAL INFORMATION
fixed length control field 130816t2014 nyua fr 001 0 eng d
020 ## - INTERNATIONAL STANDARD BOOK NUMBER
International Standard Book Number 9780071822527 (paperback)
020 ## - INTERNATIONAL STANDARD BOOK NUMBER
International Standard Book Number 0071822526 (paperback)
040 ## - CATALOGING SOURCE
Original cataloging agency EG-ScBUE
Language of cataloging eng
Description conventions rda
Transcribing agency EG-ScBUE
Modifying agency EG-ScBUE
082 04 - DEWEY DECIMAL CLASSIFICATION NUMBER
Classification number 519.5076
Item number SPI
Edition number 22
100 1# - MAIN ENTRY--PERSONAL NAME
Personal name Spiegel, Murray R.,
Relator term author.
9 (RLIN) 2617
245 10 - TITLE STATEMENT
Title Statistics /
Statement of responsibility, etc Murray R. Spiegel, Ph.D., Former Professor and Chairman, Mathematics Department, Rensselaer Polytechnic Institute, Hartford Graduate Center, Larry J. Stephens., Ph.D., Full Professor, Mathematics Department, University of Nebraska at Omaha.
246 33 - VARYING FORM OF TITLE
Title proper/short title Schaum’s outlines of Statistics
250 ## - EDITION STATEMENT
Edition statement Fifth edition.
264 #1 - PUBLICATION, DISTRIBUTION, ETC. (IMPRINT)
Place of publication, distribution, etc New York :
Name of publisher, distributor, etc McGraw-Hill,
Date of publication, distribution, etc [2014]
264 #4 - PUBLICATION, DISTRIBUTION, ETC. (IMPRINT)
Date of publication, distribution, etc c2014
300 ## - PHYSICAL DESCRIPTION
Extent xix, 577 pages :
Other physical details illustrations ;
Dimensions 28 cm.
336 ## - CONTENT TYPE
Source rdacontent
Content type term text
Content type code txt
337 ## - MEDIA TYPE
Media type term unmediated
Source rdamedia
Media type code n
338 ## - CARRIER TYPE
Carrier type term volume
Carrier type code nc
Source rdacarrier
490 0# - SERIES STATEMENT
Series statement Schaum’s outline series
500 ## - GENERAL NOTE
General note "508 fully solved problems,25 problem-solving videos online."--Cover.
500 ## - GENERAL NOTE
General note Includes index.<br/>
500 ## - GENERAL NOTE
General note Includes appendix.<br/>
520 ## - SUMMARY, ETC.
Summary, etc With 508 solved problems, this book includes: information on frequency distribution, elementary probability theory, elementary sampling theory, statistical decision theory, and analysis of variance; and concise explanation of all course concepts.--
650 #7 - SUBJECT ADDED ENTRY--TOPICAL TERM
Topical term or geographic name as entry element Mathematical statistics
Form subdivision Problems, exercises, etc.
Source of heading or term BUEsh
9 (RLIN) 41268
650 #7 - SUBJECT ADDED ENTRY--TOPICAL TERM
Topical term or geographic name as entry element Statistics
Form subdivision Problems, exercises, etc.
Source of heading or term BUEsh
9 (RLIN) 4000
653 ## - INDEX TERM--UNCONTROLLED
Resource For college BAEPS, Economics
-- Communication and mass media
Arrived date list June2015
-- October2015
653 ## - INDEX TERM--UNCONTROLLED
Resource For college Engineering, Electrical
Arrived date list October2016
655 ## - INDEX TERM--GENRE/FORM
Form subdivision Reading book
9 (RLIN) 34232
700 1# - ADDED ENTRY--PERSONAL NAME
Personal name Stephens, Larry J.,‏
9 (RLIN) 41314
Relator term author.
942 ## - ADDED ENTRY ELEMENTS (KOHA)
Source of classification or shelving scheme Dewey Decimal Classification
Koha item type Book - Borrowing
Holdings
Withdrawn status Lost status Source of classification or shelving scheme Damaged status Not for loan Collection code Home library Current library Shelving location Date acquired Source of acquisition Cost, normal purchase price Serial Enumeration / chronology Total Checkouts Total Renewals Full call number Barcode Date last seen Date checked out Cost, replacement price Koha item type
    Dewey Decimal Classification     Alahram Central Library Central Library First floor 22/06/2015 Purchase 165.00 335 1 1 519.5076 SPI 000038914 15/07/2025 01/11/2021 206.25 Book - Borrowing
    Dewey Decimal Classification     Alahram Central Library Central Library First floor 22/06/2015 Purchase 165.00 435 1 6 519.5076 SPI 000038915 15/07/2025 24/04/2021 206.25 Book - Borrowing
    Dewey Decimal Classification     Baccah Central Library Central Library First floor 03/10/2016 Purchase 160.00   2 3 519.5076 SPI 000033795 15/07/2025 05/10/2022   Book - Borrowing